000 01320nam a22003737a 4500
003 CHAP
005 20220329133759.0
008 971013s1983 r 00010 d
010 _a10794
011 _a11766
035 _a11074
040 _cCHAP
082 _a631.411
_bM6y
100 0 0 _aMortvedt, John J.
_978977
245 _aMicronutrientes en agricultura
260 _aMéxico, D.F. :
_bAGT,
_c1983
300 _a742 p
590 _aBATCH-UPD
_b10
_c20130110
_lUCH01
_h0328
590 _aBATCH-UPD
_b10
_c20130110
_lUCH01
_h1931
590 _aCONVERSION
_b10
_c20130109
_lUCH01
_h1307
650 1 4 _aElementos menores.
_936257
650 1 4 _aPlantas
_xElementos minerales.
_988823
650 1 4 _aSuelos
_xElementos minerales.
_9110356
700 0 _aGiordano, P. M.
_948099
700 0 _aLindsay, Willard Lyman.
_966960
710 0 _aScience Society of America. Madison, Wis.
_9103324
901 _aBK
942 _cLIBRO
949 _a631.411 M6Y
_bBC
_cLIBRO
_d33724000561643
_eLIBRO
_fc.6
_h74214
_i11074
_si
949 _a631.411 M6Y
_bBC
_cLIBRO
_d33724000561650
_eLIBRO
_h60218
_i11074
_si
949 _a631.411 M6Y
_bBC
_cLIBRO
_d33724000936670
_eLIBRO
_fc.3
_h61632
_i11074
_si
949 _a631.411 M6Y
_bBC
_cLIBRO
_d33724002208561
_eLIBRO
_fc.5
_h60775
_i11074
_si
949 _a631.411 M6y
_bZA
_cLIBRO
_d-23139
_eLIBRO
_i11074
_si
999 _c10794
_d10794